[Event "JBLN Ost 0001"]
[Site "Germany"]
[Date "2001.04.22"]
[Round "?"]
[White "Marten, Eric"]
[Black "Schulz, Olaf"]
[Result "0-1"]
[WhiteElo "100"]
[BlackElo "1701"]
[PlyCount "38"]
[EventDate "2000.??.??"]
[EventType "team"]
[EventRounds "9"]
[EventCountry "GER"]
[SourceTitle "EXT 2003"]
[Source "ChessBase"]
[SourceDate "2002.11.25"]
[SourceVersion "1"]
[SourceVersionDate "2002.11.25"]
[SourceQuality "1"]

1. e4 e6 2. Nc3 d5 3. Nf3 Bb4 4. a3 Bxc3 5. dxc3 Nc6 6. Bb5 Nge7 7. Ne5 0-0 8. Bg5 Nxe5 9. Bxe7 Qxe7 10. exd5 exd5 11. Qxd5 c6 12. Qe4 cxb5 13. h4 Bg4 14. h5 Bf3 15. gxf3 Nxf3+ 16. Kf1 Qxe4 17. h6 Nd2+ 18. Kg1 Qg4+ 19. Kh2 Nf3# 0-1